[Event "Rapid 2018"]
[Site "Saint-Petersburg"]
[Date "2018.12.28"]
[Round "14"]
[Board "27"]
[White "Riazantsev Alexander (RUS)"]
[Black "Moiseenko Vadim (RUS)"]
[Result "1-0"]
[LiveChessVersion "1.4.8"]
[BlackElo "2583"]
[WhiteElo "2677"]

1. d4 {[%clk 0:15:19]} d5 {[%clk 0:15:19]} 2. c4 {[%clk 0:15:25]} dxc4
{[%clk 0:15:27]} 3. e3 {[%clk 0:15:33]} e5 {[%clk 0:15:35]} 4. Bxc4
{[%clk 0:15:40]} Nc6 {[%clk 0:15:39]} 5. Nf3 {[%clk 0:15:26]} e4 {[%clk 0:15:47]}
6. Nfd2 {[%clk 0:14:49]} Qg5 {[%clk 0:15:55]} 7. Nxe4 {[%clk 0:14:52]} Qxg2
{[%clk 0:16:03]} 8. Ng3 {[%clk 0:15:01]} Qh3 {[%clk 0:16:11]} 9. Nc3
{[%clk 0:14:32]} Nf6 {[%clk 0:16:19]} 10. e4 {[%clk 0:12:42]} Bg4
{[%clk 0:13:48]} 11. f3 {[%clk 0:11:52]} O-O-O {[%clk 0:11:57]} 12. Bf1
{[%clk 0:10:34]} Qh4 {[%clk 0:11:46]} 13. fxg4 {[%clk 0:07:59]} Nxd4
{[%clk 0:11:30]} 14. Be3 {[%clk 0:08:05]} Bc5 {[%clk 0:09:20]} 15. Bxd4
{[%clk 0:08:13]} Rxd4 {[%clk 0:09:27]} 16. Qf3 {[%clk 0:08:22]} Kb8
{[%clk 0:06:54]} 17. Bd3 {[%clk 0:08:17]} Nxg4 {[%clk 0:06:06]} 18. O-O-O
{[%clk 0:08:26]} Rhd8 {[%clk 0:05:05]} 19. Bc2 {[%clk 0:06:15]} Nxh2
{[%clk 0:04:59]} 20. Qg2 {[%clk 0:04:47]} Qf4+ {[%clk 0:03:40]} 21. Kb1
{[%clk 0:04:55]} Nf3 {[%clk 0:03:23]} 22. Rxd4 {[%clk 0:04:35]} Nxd4
{[%clk 0:03:06]} 23. Rd1 {[%clk 0:04:11]} Qe5 {[%clk 0:02:43]} 24. Nf5
{[%clk 0:03:32]} g6 {[%clk 0:02:51]} 25. Ne3 {[%clk 0:03:30]} c6 {[%clk 0:02:18]}
26. Nc4 {[%clk 0:03:23]} Qe6 {[%clk 0:02:19]} 27. Qg5 {[%clk 0:03:04]} Be7
{[%clk 0:02:26]} 28. Qe5+ {[%clk 0:02:16]} Qxe5 {[%clk 0:02:28]} 29. Nxe5
{[%clk 0:02:25]} f6 {[%clk 0:02:16]} 30. Nf7 {[%clk 0:02:14]} Rd7
{[%clk 0:02:04]} 31. e5 {[%clk 0:01:51]} Bc5 {[%clk 0:02:01]} 32. e6
{[%clk 0:01:04]} Re7 {[%clk 0:02:06]} 33. Ne4 {[%clk 0:00:23]} Nxe6
{[%clk 0:02:03]} 34. Bb3 {[%clk 0:00:33]} Bb6 {[%clk 0:02:04]} 35. Nxf6
{[%clk 0:00:24]} Rxf7 {[%clk 0:01:39]} 36. Nd7+ {[%clk 0:00:33]} Rxd7
{[%clk 0:01:48]} 37. Rxd7 {[%clk 0:00:42]} Ng5 {[%clk 0:01:02]} 38. Bg8
{[%clk 0:00:52]} Kc8 {[%clk 0:01:11]} 39. Re7 {[%clk 0:00:56]} Bd8
{[%clk 0:01:20]} 40. Re5 {[%clk 0:00:42]} h5 {[%clk 0:01:06]} 41. Bc4
{[%clk 0:00:41]} Bf6 {[%clk 0:01:07]} 42. Re8+ {[%clk 0:00:49]} Kd7
{[%clk 0:01:04]} 43. Rg8 {[%clk 0:00:58]} h4 {[%clk 0:01:03]} 44. Rxg6
{[%clk 0:01:07]} Be7 {[%clk 0:01:12]} 45. Rh6 {[%clk 0:01:09]} h3
{[%clk 0:00:53]} 46. Bf1 {[%clk 0:01:15]} Bd6 {[%clk 0:00:48]} 47. Bxh3+
{[%clk 0:01:21]} Nxh3 {[%clk 0:00:55]} 48. Rxh3 {[%clk 0:01:29]} Kc7
{[%clk 0:00:32]} 49. Rh7+ {[%clk 0:01:38]} Kb6 {[%clk 0:00:41]} 50. Kc2
{[%clk 0:01:45]} a5 {[%clk 0:00:48]} 51. a4 {[%clk 0:01:11]} Be5 {[%clk 0:00:55]}
52. b3 {[%clk 0:01:17]} Ka6 {[%clk 0:00:49]} 53. Rh6 {[%clk 0:01:25]} Kb6
{[%clk 0:00:54]} 54. Kd3 {[%clk 0:01:33]} Bb2 {[%clk 0:00:55]} 55. Rh7
{[%clk 0:01:38]} Ka6 {[%clk 0:01:02]} 56. Rh6 {[%clk 0:01:26]} Kb6
{[%clk 0:01:09]} 57. Kc4 {[%clk 0:01:29]} Be5 {[%clk 0:01:00]} 58. Rh5
{[%clk 0:01:36]} Bb2 {[%clk 0:01:06]} 59. Rh7 {[%clk 0:01:37]} Be5
{[%clk 0:01:14]} 60. Kd3 {[%clk 0:01:45]} Ka6 {[%clk 0:01:18]} 61. Ke4
{[%clk 0:01:54]} Bc3 {[%clk 0:01:18]} 62. Rh3 {[%clk 0:01:18]} Bb2
{[%clk 0:01:23]} 63. Rh6 {[%clk 0:01:22]} Kb6 {[%clk 0:01:22]} 64. Rh5
{[%clk 0:01:30]} Ka6 {[%clk 0:01:28]} 65. Kf5 {[%clk 0:01:22]} b5
{[%clk 0:01:14]} 66. Ke6 {[%clk 0:01:04]} bxa4 {[%clk 0:01:20]} 67. bxa4
{[%clk 0:01:14]} Kb6 {[%clk 0:01:27]} 68. Kd7 {[%clk 0:01:23]} Ba3
{[%clk 0:01:29]} 69. Rh6 {[%clk 0:01:14]} Kc5 {[%clk 0:01:38]} 70. Kc7
{[%clk 0:01:23]} Kb4 {[%clk 0:00:55]} 71. Rh4+ {[%clk 0:01:23]} Kc5
{[%clk 0:01:04]} 72. Rh3 {[%clk 0:00:45]} Kb4 {[%clk 0:00:59]} 73. Rh4+
{[%clk 0:00:50]} Kc5 {[%clk 0:01:08]} 74. Kb7 {[%clk 0:00:59]} Bb2
{[%clk 0:01:09]} 75. Rh2 {[%clk 0:00:56]} Ba3 {[%clk 0:00:49]} 76. Ka6
{[%clk 0:00:34]} Bb4 {[%clk 0:00:56]} 77. Kb7 {[%clk 0:00:25]} Ba3
{[%clk 0:00:47]} 78. Ka6 {[%clk 0:00:34]} Bb4 {[%clk 0:00:57]} 79. Rc2+
{[%clk 0:00:43]} Kd5 {[%clk 0:01:05]} 80. Kb6 {[%clk 0:00:52]} c5
{[%clk 0:01:13]} 81. Kb5 {[%clk 0:01:01]} Kd4 {[%clk 0:00:49]} 82. Rc4+
{[%clk 0:01:10]} Kd3 {[%clk 0:00:33]} 83. Rc1 {[%clk 0:01:03]} Kd4
{[%clk 0:00:40]} 84. Rc2 {[%clk 0:01:02]} Kd3 {[%clk 0:00:23]} 85. Rc4
{[%clk 0:01:11]} Ke3 {[%clk 0:00:21]} 86. Kc6 {[%clk 0:00:53]} Kd3
{[%clk 0:00:28]} 87. Kd5 {[%clk 0:01:03]} Ba3 {[%clk 0:00:24]} 88. Rh4
{[%clk 0:01:08]} Kc3 {[%clk 0:00:28]} 89. Kc6 {[%clk 0:00:33]} Bb4
{[%clk 0:00:34]} 90. Kb5 {[%clk 0:00:42]} Kd3 {[%clk 0:00:40]} 91. Rh3+
{[%clk 0:00:48]} Kd4 {[%clk 0:00:47]} 92. Rg3 {[%clk 0:00:50]} Kd5
{[%clk 0:00:22]} 93. Rd3+ {[%clk 0:00:58]} Ke5 {[%clk 0:00:25]} 94. Kc4
{[%clk 0:01:05]} Ke4 {[%clk 0:00:33]} 95. Rd5 {[%clk 0:01:09]} Ke3
{[%clk 0:00:32]} 96. Re5+ {[%clk 0:01:16]} Kf4 {[%clk 0:00:14]} 97. Kd5
{[%clk 0:01:25]} Kf3 {[%clk 0:00:16]} 98. Re4 {[%clk 0:01:29]} Ba3
{[%clk 0:00:23]} 99. Rh4 {[%clk 0:01:04]} Bb4 {[%clk 0:00:29]} 100. Kc4
{[%clk 0:01:08]} Ke3 {[%clk 0:00:36]} 101. Rh8 {[%clk 0:00:51]} Ke4
{[%clk 0:00:38]} 102. Re8+ {[%clk 0:00:57]} Kf4 {[%clk 0:00:47]} 103. Kd3
{[%clk 0:01:04]} Kf5 {[%clk 0:00:42]} 104. Re4 {[%clk 0:01:10]} Ba3
{[%clk 0:00:46]} 105. Ke3 {[%clk 0:00:46]} Bb4 {[%clk 0:00:50]} 106. Kf3
{[%clk 0:00:55]} Ba3 {[%clk 0:00:47]} 107. Re8 {[%clk 0:00:28]} Bb4
{[%clk 0:00:53]} 108. Ke3 {[%clk 0:00:34]} Ba3 {[%clk 0:01:01]} 109. Rh8
{[%clk 0:00:27]} Bc1+ {[%clk 0:00:51]} 110. Kf3 {[%clk 0:00:32]} Ke5
{[%clk 0:00:37]} 111. Ra8 {[%clk 0:00:21]} Bd2 {[%clk 0:00:40]} 112. Re8+
{[%clk 0:00:26]} Kf5 {[%clk 0:00:32]} 113. Rd8 {[%clk 0:00:33]} Bb4
{[%clk 0:00:35]} 114. Rd5+ {[%clk 0:00:42]} Ke6 {[%clk 0:00:30]} 115. Ke4
{[%clk 0:00:50]} c4 {[%clk 0:00:26]} 116. Rd8 {[%clk 0:00:47]} c3
{[%clk 0:00:33]} 117. Rc8 {[%clk 0:00:56]} Kd7 {[%clk 0:00:35]} 118. Rc4
{[%clk 0:01:04]} Kd6 {[%clk 0:00:41]} 119. Kd4 {[%clk 0:01:12]} Ke6
{[%clk 0:00:39]} 120. Rc6+ {[%clk 0:01:21]} Kf5 {[%clk 0:00:45]} 121. Kd5
{[%clk 0:00:58]} Kf4 {[%clk 0:00:46]} 122. Kd4 {[%clk 0:00:50]} Kf5
{[%clk 0:00:54]} 123. Rc8 {[%clk 0:00:42]} Kf4 {[%clk 0:00:55]} 124. Rc4
{[%clk 0:00:33]} Kf5 {[%clk 0:00:56]} 125. Kd5 {[%clk 0:00:43]} Kf6
{[%clk 0:00:52]} 126. Rf4+ {[%clk 0:00:37]} Ke7 {[%clk 0:01:00]} 127. Rf2
{[%clk 0:00:34]} Ba3 {[%clk 0:00:54]} 128. Re2+ {[%clk 0:00:31]} Kd7
{[%clk 0:00:58]} 129. Rc2 {[%clk 0:00:31]} Bb4 {[%clk 0:01:04]} 130. Rh2
{[%clk 0:00:36]} Ke7 {[%clk 0:01:13]} 131. Rh7+ {[%clk 0:00:42]} Kd8 132. Rh2
{[%clk 0:00:26]} Ke7 {[%clk 0:01:07]} 133. Re2+ {[%clk 0:00:30]} Kd7
{[%clk 0:01:15]} 134. Rg2 {[%clk 0:00:29]} Ke7 {[%clk 0:01:25]} 135. Kc6
{[%clk 0:00:38]} Kf6 {[%clk 0:01:09]} 136. Re2 {[%clk 0:00:47]} Kf5
{[%clk 0:01:10]} 137. Kd5 {[%clk 0:00:55]} Kf6 {[%clk 0:01:11]} 138. Kc4
{[%clk 0:00:58]} Kf5 {[%clk 0:01:15]} 139. Kd3 {[%clk 0:01:06]} Kf6
{[%clk 0:00:17]} 140. Re4 {[%clk 0:01:14]} Bd6 {[%clk 0:00:12]} 141. Kxc3
{[%clk 0:01:21]} Be5+ {[%clk 0:00:13]} 142. Kc4 {[%clk 0:01:26]} 1-0

[Event "Rapid 2018"]
[Site "Saint-Petersburg"]
[Date "2018.12.28"]
[Round "14"]
[Board "29"]
[White "Grachev Boris (RUS)"]
[Black "Levin Evgeny A. (RUS)"]
[Result "1/2-1/2"]
[LiveChessVersion "1.4.8"]
[BlackElo "2563"]
[WhiteElo "2669"]

1. Nf3 {[%clk 0:15:16]} Nf6 {[%clk 0:15:17]} 2. d4 {[%clk 0:15:22]} e6
{[%clk 0:15:21]} 3. c4 {[%clk 0:15:29]} b6 {[%clk 0:15:30]} 4. Bf4
{[%clk 0:15:36]} Bb7 {[%clk 0:15:33]} 5. e3 {[%clk 0:15:41]} g6 {[%clk 0:14:36]}
6. Nc3 {[%clk 0:15:34]} Bg7 {[%clk 0:14:36]} 7. h3 {[%clk 0:15:07]} d6
{[%clk 0:14:40]} 8. Bd3 {[%clk 0:15:06]} Nbd7 {[%clk 0:14:47]} 9. O-O
{[%clk 0:14:11]} O-O {[%clk 0:14:42]} 10. e4 {[%clk 0:14:14]} e5 {[%clk 0:14:00]}
11. Bg5 {[%clk 0:11:53]} h6 {[%clk 0:12:30]} 12. Bh4 {[%clk 0:11:52]} g5
{[%clk 0:08:51]} 13. Bg3 {[%clk 0:12:00]} Nh5 {[%clk 0:08:43]} 14. d5
{[%clk 0:12:04]} Nf4 {[%clk 0:07:18]} 15. Bc2 {[%clk 0:12:06]} Nf6
{[%clk 0:07:10]} 16. Nh2 {[%clk 0:10:41]} Bc8 {[%clk 0:06:23]} 17. Ng4
{[%clk 0:09:40]} Nxg4 {[%clk 0:06:15]} 18. hxg4 {[%clk 0:09:48]} h5
{[%clk 0:05:57]} 19. f3 {[%clk 0:08:09]} hxg4 {[%clk 0:05:10]} 20. fxg4
{[%clk 0:08:02]} Qd7 {[%clk 0:04:59]} 21. Bf2 {[%clk 0:06:41]} Qxg4
{[%clk 0:04:50]} 22. Qxg4 {[%clk 0:06:48]} Bxg4 {[%clk 0:04:58]} 23. Bd1
{[%clk 0:06:43]} Bd7 {[%clk 0:04:21]} 24. Be3 {[%clk 0:06:50]} f5
{[%clk 0:03:44]} 25. Bc2 {[%clk 0:06:17]} fxe4 {[%clk 0:03:46]} 26. Bxe4
{[%clk 0:06:19]} Bh6 {[%clk 0:02:07]} 27. g3 {[%clk 0:06:03]} Nh5
{[%clk 0:01:56]} 28. Kg2 {[%clk 0:05:44]} Kg7 {[%clk 0:01:37]} 29. Bc2
{[%clk 0:02:25]} Nf6 {[%clk 0:01:15]} 30. Ne4 {[%clk 0:02:30]} Nxe4
{[%clk 0:01:05]} 31. Bxe4 {[%clk 0:02:39]} Rxf1 {[%clk 0:00:27]} 1/2-1/2

[Event "Rapid 2018"]
[Site "Saint-Petersburg"]
[Date "2018.12.28"]
[Round "14"]
[Board "30"]
[White "Timofeev Artyom (RUS)"]
[Black "Goganov Aleksey (RUS)"]
[Result "0-1"]
[LiveChessVersion "1.4.8"]
[BlackElo "2545"]
[WhiteElo "2668"]

1. c4 {[%clk 0:15:12]} c6 {[%clk 0:15:19]} 2. Nf3 {[%clk 0:15:03]} d5
{[%clk 0:15:26]} 3. e3 {[%clk 0:15:11]} Nf6 {[%clk 0:15:33]} 4. Nc3
{[%clk 0:15:19]} e6 {[%clk 0:15:38]} 5. b3 {[%clk 0:15:07]} Bd6 {[%clk 0:15:43]}
6. Bb2 {[%clk 0:15:13]} O-O {[%clk 0:15:49]} 7. d4 {[%clk 0:14:47]} Nbd7
{[%clk 0:15:30]} 8. Be2 {[%clk 0:14:51]} b6 {[%clk 0:15:21]} 9. O-O
{[%clk 0:14:45]} Bb7 {[%clk 0:15:30]} 10. Qc2 {[%clk 0:14:37]} Qe7
{[%clk 0:15:34]} 11. cxd5 {[%clk 0:14:17]} exd5 {[%clk 0:15:36]} 12. Bd3
{[%clk 0:13:41]} Rfe8 {[%clk 0:14:32]} 13. Ne2 {[%clk 0:13:05]} Ne4
{[%clk 0:13:37]} 14. Ng3 {[%clk 0:12:39]} g6 {[%clk 0:13:06]} 15. Rfe1
{[%clk 0:12:11]} f5 {[%clk 0:09:47]} 16. Nf1 {[%clk 0:12:09]} Rf8
{[%clk 0:09:48]} 17. N3d2 {[%clk 0:11:56]} Rae8 {[%clk 0:09:30]} 18. f3
{[%clk 0:11:56]} Ng5 {[%clk 0:06:54]} 19. Re2 {[%clk 0:11:50]} Nf6
{[%clk 0:06:34]} 20. Rae1 {[%clk 0:11:55]} Qd7 {[%clk 0:06:02]} 21. Bc3
{[%clk 0:10:31]} Nge4 {[%clk 0:05:17]} 22. Bb2 {[%clk 0:10:32]} Nxd2
{[%clk 0:05:21]} 23. Qxd2 {[%clk 0:10:29]} Re7 {[%clk 0:05:09]} 24. b4
{[%clk 0:10:29]} b5 {[%clk 0:05:14]} 25. Qc3 {[%clk 0:10:30]} Rff7
{[%clk 0:04:15]} 26. Bc2 {[%clk 0:10:09]} Re8 {[%clk 0:04:22]} 27. a4
{[%clk 0:10:02]} Bf8 {[%clk 0:04:21]} 28. Qb3 {[%clk 0:09:01]} Bg7
{[%clk 0:03:49]} 29. Bc3 {[%clk 0:08:42]} Kh8 {[%clk 0:03:58]} 30. Qb1
{[%clk 0:08:42]} bxa4 {[%clk 0:03:55]} 31. Bd3 {[%clk 0:08:50]} Qc8
{[%clk 0:03:42]} 32. Ra2 {[%clk 0:08:54]} Ba6 {[%clk 0:03:29]} 33. Bxa6
{[%clk 0:09:02]} Qxa6 {[%clk 0:03:38]} 34. Qc2 {[%clk 0:09:10]} Nd7
{[%clk 0:03:12]} 35. Rxa4 {[%clk 0:09:12]} Qb7 {[%clk 0:03:20]} 36. Ra2
{[%clk 0:08:08]} Nb6 {[%clk 0:03:29]} 37. Qd3 {[%clk 0:07:59]} Rfe7
{[%clk 0:03:34]} 38. Rae2 {[%clk 0:08:06]} Nc8 {[%clk 0:03:35]} 39. Nd2
{[%clk 0:07:55]} Nd6 {[%clk 0:03:42]} 40. Nb3 {[%clk 0:06:11]} Qb5
{[%clk 0:03:47]} 41. Qxb5 {[%clk 0:06:16]} cxb5 {[%clk 0:03:26]} 42. Kf2
{[%clk 0:05:42]} Nc4 {[%clk 0:03:35]} 43. Nc5 {[%clk 0:05:32]} Kg8
{[%clk 0:03:42]} 44. Nd3 {[%clk 0:05:10]} Bf6 {[%clk 0:03:26]} 45. Nf4
{[%clk 0:05:07]} Rd7 {[%clk 0:03:25]} 46. Ra2 {[%clk 0:04:59]} Bg5
{[%clk 0:03:19]} 47. Ra6 {[%clk 0:04:40]} Bxf4 {[%clk 0:03:06]} 48. exf4
{[%clk 0:04:48]} Rxe1 {[%clk 0:03:11]} 49. Bxe1 {[%clk 0:04:49]} Rc7
{[%clk 0:02:29]} 50. g4 {[%clk 0:04:47]} fxg4 {[%clk 0:02:10]} 51. fxg4
{[%clk 0:04:55]} Re7 {[%clk 0:02:15]} 52. f5 {[%clk 0:04:20]} gxf5
{[%clk 0:02:23]} 53. gxf5 {[%clk 0:04:29]} Rf7 {[%clk 0:02:32]} 54. f6
{[%clk 0:04:28]} Nb6 {[%clk 0:02:37]} 55. Ke2 {[%clk 0:04:28]} Rxf6
{[%clk 0:02:41]} 56. Bg3 {[%clk 0:03:31]} Rf7 {[%clk 0:02:49]} 57. Bb8
{[%clk 0:03:33]} Nc4 {[%clk 0:01:55]} 58. Bxa7 {[%clk 0:03:38]} Rf4
{[%clk 0:01:46]} 59. Rh6 {[%clk 0:03:12]} Re4+ {[%clk 0:01:45]} 60. Kf2
{[%clk 0:02:55]} Nb2 {[%clk 0:01:45]} 61. Rh3 {[%clk 0:01:53]} Nd1+
{[%clk 0:01:48]} 62. Kg1 {[%clk 0:01:17]} Kg7 {[%clk 0:01:32]} 63. Bc5
{[%clk 0:01:07]} Kg6 {[%clk 0:01:34]} 64. Ra3 {[%clk 0:00:39]} Kf5
{[%clk 0:01:10]} 65. Rh3 {[%clk 0:00:46]} Kg4 {[%clk 0:00:38]} 66. Rxh7
{[%clk 0:00:36]} Re1+ {[%clk 0:00:47]} 67. Kg2 {[%clk 0:00:45]} Re2+
{[%clk 0:00:56]} 68. Kf1 {[%clk 0:00:50]} Rb2 {[%clk 0:00:57]} 69. Rg7+
{[%clk 0:00:23]} Kf3 {[%clk 0:01:01]} 70. Rf7+ {[%clk 0:00:32]} Ke4
{[%clk 0:01:04]} 71. Re7+ {[%clk 0:00:24]} Kd3 {[%clk 0:01:00]} 72. h4
{[%clk 0:00:27]} Ne3+ {[%clk 0:01:08]} 73. Kg1 {[%clk 0:00:36]} Rg2+
{[%clk 0:01:13]} 74. Kh1 {[%clk 0:00:45]} Rg4 {[%clk 0:01:19]} 75. Rh7
{[%clk 0:00:49]} Ke2 {[%clk 0:00:59]} 76. h5 {[%clk 0:00:50]} Nf5
{[%clk 0:00:39]} 77. Rf7 {[%clk 0:00:28]} Rh4+ {[%clk 0:00:38]} 78. Kg2
{[%clk 0:00:18]} Rxh5 {[%clk 0:00:46]} 79. Rd7 {[%clk 0:00:14]} Rg5+
{[%clk 0:00:53]} 80. Kh2 {[%clk 0:00:15]} Kf2 {[%clk 0:00:52]} 81. Rh7
{[%clk 0:00:24]} Rg4 {[%clk 0:00:38]} 82. Kh3 {[%clk 0:00:31]} Rg3+
{[%clk 0:00:44]} 83. Kh2 {[%clk 0:00:40]} Rf3 {[%clk 0:00:47]} 84. Rh5
{[%clk 0:00:14]} Ne3 {[%clk 0:00:47]} 85. Be7 {[%clk 0:00:15]} Nf1+
{[%clk 0:00:52]} 0-1

[Event "Rapid 2018"]
[Site "Saint-Petersburg"]
[Date "2018.12.28"]
[Round "14"]
[Board "31"]
[White "Petrov Nikita (RUS)"]
[Black "Kovalenko Igor (LAT)"]
[Result "0-1"]
[LiveChessVersion "1.4.8"]
[BlackElo "2665"]
[WhiteElo "2502"]

1. Nf3 {[%clk 0:15:17]} d5 {[%clk 0:15:20]} 2. d4 {[%clk 0:15:26]} c6
{[%clk 0:15:28]} 3. Bf4 {[%clk 0:15:33]} Qb6 {[%clk 0:15:33]} 4. Qc1
{[%clk 0:15:39]} Bg4 {[%clk 0:15:38]} 5. Ne5 {[%clk 0:15:25]} Bf5
{[%clk 0:15:47]} 6. e3 {[%clk 0:15:23]} f6 {[%clk 0:15:44]} 7. Nf3
{[%clk 0:15:19]} Nd7 {[%clk 0:15:52]} 8. Be2 {[%clk 0:15:05]} g5 {[%clk 0:15:58]}
9. Bg3 {[%clk 0:15:11]} h5 {[%clk 0:16:07]} 10. h3 {[%clk 0:14:18]} e6
{[%clk 0:16:15]} 11. c4 {[%clk 0:14:10]} Nh6 {[%clk 0:15:55]} 12. Nc3
{[%clk 0:14:04]} Bg6 {[%clk 0:15:57]} 13. Nd2 {[%clk 0:12:49]} Bg7
{[%clk 0:15:28]} 14. O-O {[%clk 0:10:46]} O-O {[%clk 0:14:33]} 15. c5
{[%clk 0:09:56]} Qd8 {[%clk 0:14:42]} 16. Qd1 {[%clk 0:10:03]} h4
{[%clk 0:14:32]} 17. Bd6 {[%clk 0:10:11]} Re8 {[%clk 0:14:30]} 18. e4
{[%clk 0:09:21]} Nf7 {[%clk 0:14:33]} 19. Bh5 {[%clk 0:07:51]} Bxh5
{[%clk 0:14:41]} 20. Qxh5 {[%clk 0:08:00]} dxe4 {[%clk 0:14:40]} 21. Ndxe4
{[%clk 0:07:17]} f5 {[%clk 0:14:48]} 22. Nd2 {[%clk 0:07:15]} Nf6
{[%clk 0:14:23]} 23. Qg6 {[%clk 0:06:40]} Nh7 {[%clk 0:14:30]} 24. Nf3
{[%clk 0:06:16]} Qf6 {[%clk 0:08:33]} 25. Qxf6 {[%clk 0:05:51]} Bxf6
{[%clk 0:08:40]} 26. Bh2 {[%clk 0:04:40]} Nf8 {[%clk 0:08:31]} 27. Rfe1
{[%clk 0:04:33]} Rad8 {[%clk 0:08:35]} 28. Rad1 {[%clk 0:04:40]} Re7
{[%clk 0:07:55]} 29. Ne5 {[%clk 0:02:42]} Bxe5 {[%clk 0:07:50]} 30. Bxe5
{[%clk 0:02:50]} Nxe5 {[%clk 0:07:59]} 31. Rxe5 {[%clk 0:02:58]} Kf7
{[%clk 0:07:39]} 32. Ne2 {[%clk 0:01:45]} Nd7 {[%clk 0:07:42]} 33. Re3
{[%clk 0:01:52]} Nxc5 {[%clk 0:07:48]} 34. Re1 {[%clk 0:01:57]} Ne4
{[%clk 0:07:35]} 35. f3 {[%clk 0:01:34]} Nf6 {[%clk 0:07:39]} 36. f4
{[%clk 0:01:38]} Nd5 {[%clk 0:07:08]} 37. Rf3 {[%clk 0:01:46]} g4
{[%clk 0:07:17]} 38. hxg4 {[%clk 0:01:54]} fxg4 {[%clk 0:07:26]} 39. Ra3
{[%clk 0:01:17]} a6 {[%clk 0:07:35]} 40. Nc1 {[%clk 0:01:05]} Nb4
{[%clk 0:07:08]} 41. Rd1 {[%clk 0:00:53]} Red7 {[%clk 0:07:09]} 42. Ne2
{[%clk 0:00:46]} Kf6 {[%clk 0:07:14]} 43. Rb3 {[%clk 0:00:29]} Nd5
{[%clk 0:06:48]} 44. g3 {[%clk 0:00:38]} Rh8 {[%clk 0:06:44]} 45. Kg2
{[%clk 0:00:28]} Rdh7 {[%clk 0:06:18]} 46. Rh1 {[%clk 0:00:37]} hxg3
{[%clk 0:06:27]} 47. Rxh7 {[%clk 0:00:32]} Rxh7 {[%clk 0:06:37]} 48. Nxg3
{[%clk 0:00:11]} Nxf4+ {[%clk 0:06:46]} 49. Kg1 {[%clk 0:00:19]} Nd5
{[%clk 0:06:42]} 50. Ne4+ {[%clk 0:00:20]} Kf5 {[%clk 0:06:51]} 51. Nd6+
{[%clk 0:00:15]} Kf4 {[%clk 0:07:00]} 52. Nxb7 {[%clk 0:00:22]} Rh6
{[%clk 0:06:25]} 53. Nc5 {[%clk 0:00:14]} a5 {[%clk 0:06:29]} 54. Ra3
{[%clk 0:00:13]} g3 {[%clk 0:06:04]} 55. Rxa5 {[%clk 0:00:15]} Ne3
{[%clk 0:05:54]} 56. Nd3+ {[%clk 0:00:14]} Ke4 {[%clk 0:06:01]} 57. Ne1
{[%clk 0:00:21]} Kxd4 {[%clk 0:05:54]} 58. Rg5 {[%clk 0:00:29]} Nf5
{[%clk 0:06:01]} 59. Rg4+ {[%clk 0:00:34]} Kd5 {[%clk 0:05:50]} 60. a4
{[%clk 0:00:24]} Nd4 {[%clk 0:05:50]} 61. Nd3 {[%clk 0:00:14]} e5
{[%clk 0:05:43]} 62. Kg2 {[%clk 0:00:20]} Nf5 {[%clk 0:05:33]} 63. Nb4+
{[%clk 0:00:17]} Ke6 {[%clk 0:05:28]} 64. Kg1 {[%clk 0:00:13]} Nd4
{[%clk 0:05:20]} 65. Kg2 {[%clk 0:00:18]} Rh2+ {[%clk 0:04:59]} 66. Kxg3
{[%clk 0:00:19]} Rxb2 {[%clk 0:05:08]} 67. Na6 {[%clk 0:00:16]} Rb6
{[%clk 0:04:53]} 68. Nc5+ {[%clk 0:00:12]} Kd5 {[%clk 0:05:00]} 69. Nd7
{[%clk 0:00:21]} Rb3+ {[%clk 0:04:56]} 70. Kf2 {[%clk 0:00:30]} Kd6
{[%clk 0:05:00]} 71. Rg7 {[%clk 0:00:16]} e4 {[%clk 0:05:08]} 72. Nf6
{[%clk 0:00:11]} e3+ {[%clk 0:05:16]} 73. Kg2 {[%clk 0:00:18]} Rb2+
{[%clk 0:05:25]} 74. Kh3 {[%clk 0:00:21]} e2 {[%clk 0:05:29]} 75. Ne4+
{[%clk 0:00:30]} Ke5 {[%clk 0:05:25]} 76. Re7+ {[%clk 0:00:30]} Kf4
{[%clk 0:05:30]} 77. Ng3 {[%clk 0:00:14]} Kf3 {[%clk 0:05:27]} 78. a5
{[%clk 0:00:15]} Ra2 {[%clk 0:05:26]} 79. Rf7+ {[%clk 0:00:15]} Ke3
{[%clk 0:05:34]} 80. Re7+ {[%clk 0:00:24]} Kd3 {[%clk 0:05:40]} 81. Re5
{[%clk 0:00:12]} Ra1 {[%clk 0:05:19]} 82. Nxe2 {[%clk 0:00:11]} Nxe2
{[%clk 0:05:28]} 0-1

[Event "Rapid 2018"]
[Site "Saint-Petersburg"]
[Date "2018.12.28"]
[Round "14"]
[Board "32"]
[White "Bocharov Ivan (RUS)"]
[Black "Carlsson Pontus (SWE)"]
[Result "1-0"]
[LiveChessVersion "1.4.8"]
[BlackElo "2463"]
[WhiteElo "2657"]

1. e4 {[%clk 0:14:45]} c5 {[%clk 0:15:18]} 2. Nf3 {[%clk 0:14:54]} d6
{[%clk 0:15:27]} 3. d4 {[%clk 0:15:01]} Nf6 {[%clk 0:15:34]} 4. Nc3
{[%clk 0:15:10]} cxd4 {[%clk 0:15:43]} 5. Nxd4 {[%clk 0:15:19]} g6
{[%clk 0:15:52]} 6. Be3 {[%clk 0:15:24]} Bg7 {[%clk 0:15:59]} 7. f3
{[%clk 0:15:28]} O-O {[%clk 0:16:07]} 8. Qd2 {[%clk 0:15:35]} Nc6
{[%clk 0:16:16]} 9. O-O-O {[%clk 0:15:43]} d5 {[%clk 0:16:07]} 10. Qe1
{[%clk 0:15:52]} e5 {[%clk 0:15:56]} 11. Nxc6 {[%clk 0:15:59]} bxc6
{[%clk 0:16:05]} 12. exd5 {[%clk 0:16:05]} Nxd5 {[%clk 0:16:04]} 13. Bc4
{[%clk 0:16:02]} Be6 {[%clk 0:16:11]} 14. Ne4 {[%clk 0:16:06]} Qc7
{[%clk 0:15:46]} 15. Bc5 {[%clk 0:16:11]} Rfd8 {[%clk 0:15:50]} 16. Qh4
{[%clk 0:15:53]} h6 {[%clk 0:15:05]} 17. g4 {[%clk 0:15:53]} Nf4 {[%clk 0:11:32]}
18. Bxe6 {[%clk 0:15:50]} Rxd1+ {[%clk 0:09:51]} 19. Rxd1 {[%clk 0:15:56]} Nxe6
{[%clk 0:10:00]} 20. Be3 {[%clk 0:15:53]} Nf4 {[%clk 0:09:14]} 21. Nf6+
{[%clk 0:10:38]} Kh8 {[%clk 0:08:14]} 22. Rd7 {[%clk 0:09:38]} Ng2
{[%clk 0:01:59]} 23. Rxc7 {[%clk 0:08:24]} Nxh4 {[%clk 0:02:07]} 24. Rxf7
{[%clk 0:08:14]} Nxf3 {[%clk 0:02:15]} 25. h3 {[%clk 0:08:06]} a5
{[%clk 0:02:05]} 26. c3 {[%clk 0:06:37]} a4 {[%clk 0:00:57]} 27. Kd1
{[%clk 0:06:30]} g5 {[%clk 0:00:22]} 28. Nh5 {[%clk 0:06:29]} a3 {[%clk 0:00:12]}
29. bxa3 {[%clk 0:05:36]} 1-0